Guess the Cities - Statistics

General Stats
  • This quiz has been taken 28 times
  • The average score is 5 of 9
Answer Stats
Picture Answer % Correct
Paris
100%
Dubai
96%
New York City
93%
Tokyo
78%
Toronto
67%
Chicago
52%
New Delhi
41%
Omaha
4%
Grand Island
0%
No matching quizzes found
Score Distribution
Percent of People with Each Score
Percentile by Number Answered
Your Score History
You have not taken this quiz